| 000 | 00960nam a22003257a 4500 | ||
|---|---|---|---|
| 005 | 20230904143927.0 | ||
| 008 | 190524b2011 xxu||||| |||| 00| 0 spa d | ||
| 020 | _a9789972085505 | ||
| 041 | _aESP | ||
| 082 | _a303.372 Ch541c | ||
| 100 |
_aChirre Osorio, Alfonso _953687 |
||
| 245 | _a101 historias para vivir con valores | ||
| 260 | _aPerú | ||
| 260 | _bCorporación Editora Chirre | ||
| 260 | _c2011 | ||
| 300 | _a127 páginas | ||
| 650 | _aVALORES | ||
| 650 | _aCLASIFICACIÓN DE VALORES | ||
| 650 | _aLOGROS ALCANZADOS | ||
| 650 | _aINCENTIVACIÓN DE VALORES | ||
| 650 | _aRESPECTO A LOS VALORES | ||
| 650 | _aVALOR A LA FAMILIA | ||
| 650 | _aVALOR DE SER GRANDE | ||
| 650 | _aVALOR DE SER BUENO | ||
| 650 | _aVALOR DE APRENDER | ||
| 650 | _aVALOR DE LA FE | ||
| 650 | _aVALOR DE LA EXPERIENCIA | ||
| 650 | _aVALOR A LO SANO | ||
| 942 |
_cBK _2ddc |
||
| 999 |
_c11942 _d11942 |
||